书目信息 |
| 题名: |
小淘气的决心
|
|
| 作者: | 葛翠琳 著 | |
| 分册: | ||
| 出版信息: | 北京 中国少年儿童出版社 1981 |
|
| 页数: | 257页 | |
| 开本: | 19cm | |
| 丛书名: | ||
| 单 册: | ||
| 中图分类: | I287.3 | |
| 科图分类: | ||
| 主题词: | 儿童剧--剧本--中国--现代 | |
| 电子资源: | ||
| ISBN: | ||
| 000 | 00623nam0 2200229 45 | |
| 001 | 0181008229 | |
| 005 | 20060820091750.40 | |
| 010 | @dCNY0.55 | |
| 091 | @a10056.464 | |
| 100 | @a19950705d1981 am y0chiy0121 ea | |
| 101 | 0 | @achi |
| 102 | @aCN@b110000 | |
| 105 | @ay z 000by | |
| 200 | 10 | @a小淘气的决心@Axiao tao qi de jue xin@f葛翠琳著@Fge cui lin zhu |
| 210 | @a北京@c中国少年儿童出版社@d1981 | |
| 215 | @a257页@d19cm | |
| 606 | @a儿童剧@x剧本@y中国@z现代 | |
| 690 | @aI287.3@v3 | |
| 701 | 0 | @a葛翠琳@Age cui lin@4著 |
| 801 | 2 | @aCN@bNLC@c20060820 |
| 801 | 0 | @aCN@bTSSF@c20060605 |
| 905 | @a10447@dI287.3@e196 | |
| 小淘气的决心/葛翠琳著.-北京:中国少年儿童出版社,1981 |
| 257页;19cm |
| ISBN :CNY0.55 |
| ● |
| 相关链接 |
|
|
|
|
正题名:小淘气的决心
索取号:I287.3/196
 
预约/预借
| 序号 | 登录号 | 条形码 | 馆藏地/架位号 | 状态 | 备注 |
| 1 | 0420574 | 204205742 | 密集书库/ [索取号:I287.3/196] | 在馆 | |
| 2 | 0421742 | 204217427 | 密集书库/ [索取号:I287.3/196] | 在馆 | |
| 3 | 0470195 | 204701956 | 密集书库/ [索取号:I287.3/196] | 在馆 |